Introducing Plato / (Record no. 783)

MARC details
000 -LEADER
fixed length control field 00616pam a2200205 4500
001 - CONTROL NUMBER
control field 1126
003 - CONTROL NUMBER IDENTIFIER
control field OCoLC
005 - DATE AND TIME OF LATEST TRANSACTION
control field 20181127162719.0
008 - FIXED-LENGTH DATA ELEMENTS--GENERAL INFORMATION
fixed length control field 020729s2000 enka 001 0 eng
020 ## - INTERNATIONAL STANDARD BOOK NUMBER
International Standard Book Number 1840461136
100 1# - MAIN ENTRY--PERSONAL NAME
Personal name Robinson, Dave.
245 10 - TITLE STATEMENT
Title Introducing Plato /
Statement of responsibility, etc. Dave Robinson and Judy Groves ; edited by Richard Appignanesi.
260 ## - PUBLICATION, DISTRIBUTION, ETC.
Place of publication, distribution, etc. Duxford :
Name of publisher, distributor, etc. Icon,
Date of publication, distribution, etc. 2000.
300 ## - PHYSICAL DESCRIPTION
Extent 176 p. :
Other physical details ill. ;
Dimensions 21 cm.
504 ## - BIBLIOGRAPHY, ETC. NOTE
Bibliography, etc. note Includes index.
600 ## - SUBJECT ADDED ENTRY--PERSONAL NAME
Personal name Plato.
Numeration
Titles and other words associated with a name
Dates associated with a name
Relator term
Date of a work
Form subheading
Language of a work
Medium of performance for music
Number of part/section of a work
Arranged statement for music
Name of part/section of a work
Fuller form of name
Key for music
Version
Title of a work
Form subdivision
General subdivision
Chronological subdivision
Geographic subdivision
Source of heading or term
650 ## - SUBJECT ADDED ENTRY--TOPICAL TERM
Topical term or geographic name entry element Philosophy, Ancient.
Form subdivision
General subdivision
Chronological subdivision
Geographic subdivision
Source of heading or term
700 1# - ADDED ENTRY--PERSONAL NAME
Personal name Appignanesi, Richard.
Personal name Groves, Judy.
Holdings
Withdrawn status Lost status Source of classification or shelving scheme Damaged status Not for loan Collection code Home library Current library Shelving location Serial Enumeration / chronology Inventory number Total Checkouts Full call number Barcode Date last seen Price effective from Koha item type
    Dewey Decimal Classification     Main TEST RTC Library RTC Library Main opac 4152   184 ROB 30005047 27/11/2018 27/11/2018 Main
Royal Thimphu College || All Right Reserved